[Event "Ruhrgebiet Verbandsklasse Gruppe 1 1819"]
[Site "Nordrheinwestfalen"]
[Date "2018.09.23"]
[Round "1.1"]
[White "Landscheidt, Heinz"]
[Black "Viebahn, Dirk"]
[Result "1/2-1/2"]
[WhiteElo "1848"]
[BlackElo "2117"]
[PlyCount "53"]
[EventDate "2018.09.23"]
[EventType "team-tourn"]
[EventRounds "9"]
[EventCountry "GER"]
[SourceTitle "EXT 2022"]
[Source "ChessBase"]
[SourceDate "2021.10.06"]
[SourceVersion "1"]
[SourceVersionDate "2021.10.06"]
[SourceQuality "1"]
[WhiteTeam "Bergeborbeck Wacker"]
[BlackTeam "Muelheim SC"]
[WhiteTeamCountry "GER"]
[BlackTeamCountry "GER"]

1. Nf3 Nf6 2. c4 g6 3. Nc3 d5 4. cxd5 Nxd5 5. e4 Nxc3 6. dxc3 Qxd1+ 7. Kxd1 Bg7 8. Bf4 c6 9. Kc2 Nd7 10. Be2 0-0 11. Rhd1 Nc5 12. Nd2 f5 13. Be3 Nxe4 14. Nxe4 fxe4 15. Bc4+ Kh8 16. a4 Bf5 17. h3 g5 18. g4 Bg6 19. Kb3 Bf6 20. Rd7 b6 21. Rad1 b5 22. axb5 cxb5 23. Bd5 Rad8 24. Be6 Rxd7 25. Rxd7 a5 26. Rb7 b4 27. cxb4 1/2-1/2

[Event "Ruhrgebiet Verbandsklasse Gruppe 3 1516"]
[Site "Germany"]
[Date "2015.11.08"]
[Round "3.4"]
[White "Landscheidt, Heinz"]
[Black "Parado, Dominado"]
[Result "0-1"]
[WhiteElo "1891"]
[BlackElo "1893"]
[PlyCount "86"]
[EventDate "2015.09.06"]
[EventType "team-tourn"]
[EventRounds "9"]
[EventCountry "GER"]
[SourceTitle "EXT 2022"]
[Source "ChessBase"]
[SourceDate "2021.10.06"]
[SourceVersion "1"]
[SourceVersionDate "2021.10.06"]
[SourceQuality "1"]
[WhiteTeam "Bergeborbeck Wacker"]
[BlackTeam "Recklinghausen Sued"]
[WhiteTeamCountry "GER"]
[BlackTeamCountry "GER"]

1. d4 Nf6 2. Nc3 g6 3. e4 d6 4. Bf4 Bg7 5. Qd2 h6 6. Nf3 g5 7. Be3 Ng4 8. Bc4 Nxe3 9. Qxe3 0-0 10. 0-0 c6 11. a4 a5 12. Rfd1 Qc7 13. Ne2 Nd7 14. Ng3 Nf6 15. h3 e5 16. dxe5 dxe5 17. Rd2 Re8 18. Rad1 Bf8 19. Nf5 Bxf5 20. exf5 e4 21. Nh2 b6 22. Ng4 Nxg4 23. hxg4 Bc5 24. Rd7 Qxd7 25. Rxd7 Bxe3 26. Bxf7+ Kf8 27. Bxe8 Kxe8 28. Rc7 Bc5 29. Rxc6 Rd8 30. Re6+ Kf7 31. Rxe4 Rd1+ 32. Kh2 Bxf2 33. Re2 Bc5 34. Kg3 Rf1 35. Kh2 Rf2 36. Rxf2 Bxf2 37. g3 Kf6 38. Kg2 Bd4 39. c3 Be3 40. b4 Bd2 41. bxa5 bxa5 42. c4 Ke5 43. Kf3 Kd4 0-1

[Event "NRW Verbandsklasse Group3 1314"]
[Site "Nordrheinwestfalen"]
[Date "2013.12.15"]
[Round "5.5"]
[White "Vengels, Joachim"]
[Black "Landscheidt, Heinz"]
[Result "1/2-1/2"]
[WhiteElo "1986"]
[BlackElo "1938"]
[PlyCount "74"]
[EventDate "2013.09.08"]
[EventType "team-tourn"]
[EventRounds "9"]
[EventCountry "GER"]
[SourceTitle "EXT 2020"]
[Source "ChessBase"]
[SourceDate "2019.10.17"]
[SourceVersion "1"]
[SourceVersionDate "2019.10.17"]
[SourceQuality "1"]
[WhiteTeam "Hervest Dorsten"]
[BlackTeam "Wacker Bergeborbeck"]
[WhiteTeamCountry "GER"]
[BlackTeamCountry "GER"]

1. e4 e6 2. c4 d5 3. cxd5 exd5 4. exd5 Qxd5 5. Nc3 Qa5 6. d4 Nf6 7. Bc4 Be7 8. Nf3 0-0 9. 0-0 Bg4 10. h3 Bh5 11. Bf4 Bd6 12. Bxd6 cxd6 13. Qd3 Nc6 14. Nd2 Bg6 15. Qg3 Nxd4 16. Qxd6 Rfd8 17. Qf4 Rac8 18. Kh1 Nc2 19. Rac1 Rd4 20. Nb3 Rxf4 21. Nxa5 Rfxc4 22. Nxc4 Rxc4 23. Rfd1 Rc8 24. a3 a6 25. Rd2 Kf8 26. Rdxc2 Bxc2 27. Rxc2 Ne4 28. Kg1 Nxc3 29. Kf1 Ke7 30. bxc3 Rc4 31. Ke2 Ra4 32. Ra2 Kd6 33. Kd3 Kc5 34. g3 Ra5 35. f4 Rb5 36. Re2 Kd6 37. Re4 Rd5+ 1/2-1/2

[Event "Ruhrgebiet VK3 1213"]
[Site "Nordrheinwestfalen"]
[Date "2012.12.02"]
[Round "4.3"]
[White "Landscheidt, Heinz"]
[Black "Kowallik, Juergen"]
[Result "1/2-1/2"]
[WhiteElo "1932"]
[BlackElo "1909"]
[PlyCount "65"]
[EventDate "2012.09.02"]
[EventType "team-tourn"]
[EventRounds "9"]
[EventCountry "GER"]
[SourceTitle "EXT 2020"]
[Source "ChessBase"]
[SourceDate "2019.10.17"]
[SourceVersion "1"]
[SourceVersionDate "2019.10.17"]
[SourceQuality "1"]
[WhiteTeam "Wacker Bergeborbeck"]
[BlackTeam "Essen Ueberruhr"]
[WhiteTeamCountry "GER"]
[BlackTeamCountry "GER"]

1. d4 Nf6 2. Nc3 d5 3. Bg5 Bf5 4. f3 Nc6 5. Bxf6 exf6 6. e4 dxe4 7. fxe4 Bxe4 8. Nxe4 Qe7 9. Qe2 Nxd4 10. Nxf6+ gxf6 11. Qxe7+ Kxe7 12. Bd3 Bh6 13. Ne2 Nxe2 14. Kxe2 Bf4 15. g4 Be5 16. Bf5 Bxb2 17. Rab1 Bd4 18. Rxb7 Bb6 19. Rd1 Rad8 20. Rxd8 Rxd8 21. Bxh7 Rh8 22. Bd3 Rxh2+ 23. Kf3 Rh8 24. Ke2 Kd6 25. Be4 Ke5 26. Bf5 Rh2+ 27. Kd3 Rh3+ 28. Kc4 Ra3 29. Rb8 Rxa2 30. Rf8 a5 31. Rxf7 Ra4+ 32. Kb3 Rb4+ 33. Ka2 1/2-1/2

[Event "Ruhrgebiet VK3 1213"]
[Site "Nordrheinwestfalen"]
[Date "2012.09.02"]
[Round "1"]
[White "Arndt, Olaf"]
[Black "Landscheidt, Heinz"]
[Result "1-0"]
[WhiteElo "1910"]
[BlackElo "1932"]
[PlyCount "83"]
[EventDate "2012.09.02"]
[EventType "team-tourn"]
[EventRounds "9"]
[EventCountry "GER"]
[SourceTitle "EXT 2020"]
[Source "ChessBase"]
[SourceDate "2019.10.17"]
[SourceVersion "1"]
[SourceVersionDate "2019.10.17"]
[SourceQuality "1"]
[WhiteTeam "Horst Emscher II"]
[BlackTeam "Wacker Bergeborbeck"]
[WhiteTeamCountry "GER"]
[BlackTeamCountry "GER"]

1. e4 e5 2. Nf3 Nc6 3. d4 exd4 4. Bc4 Nf6 5. 0-0 Nxe4 6. Re1 d5 7. Bxd5 Qxd5 8. Nc3 Qh5 9. Nxe4 Be6 10. Neg5 0-0-0 11. Nxe6 fxe6 12. Rxe6 Bd6 13. Qd3 Rhf8 14. h3 Qf5 15. Qxf5 Rxf5 16. Bd2 Rdf8 17. Rae1 Kd7 18. R6e4 h6 19. R1e2 Bc5 20. Ne1 R8f7 21. Nd3 Bd6 22. g3 Re7 23. Kg2 Rxe4 24. Rxe4 Rf7 25. f4 g6 26. Be1 h5 27. Bf2 Re7 28. Kf3 Rxe4 29. Kxe4 Ke6 30. g4 hxg4 31. hxg4 Nb4 32. Nxb4 Bxb4 33. Bxd4 a6 34. f5+ gxf5+ 35. gxf5+ Kf7 36. c4 c6 37. Ke5 Be7 38. Bc3 Bc5 39. b4 Be7 40. Bd2 b5 41. c5 a5 42. a3 1-0

[Event "Ruhrgebiet VK3 0910"]
[Site "Ruhrgebiet"]
[Date "2010.03.21"]
[Round "8.6"]
[White "Landscheidt, Heinz"]
[Black "Seemann, Mathis"]
[Result "1/2-1/2"]
[WhiteElo "1915"]
[BlackElo "1904"]
[PlyCount "66"]
[EventDate "2009.09.06"]
[EventType "team"]
[EventRounds "9"]
[EventCountry "GER"]
[SourceTitle "EXT 2011"]
[Source "ChessBase"]
[SourceDate "2010.11.26"]
[SourceVersion "1"]
[SourceVersionDate "2010.11.26"]
[SourceQuality "1"]
[WhiteTeam "Wacker Bergeborbeck"]
[BlackTeam "Bochum Uni"]
[WhiteTeamCountry "GER"]
[BlackTeamCountry "GER"]

1. d4 d5 2. Nc3 Bf5 3. e3 Nf6 4. Bd3 Bg6 5. Nf3 Nbd7 6. Qe2 e6 7. e4 dxe4 8. Nxe4 Nxe4 9. Bxe4 c6 10. Bf4 Nf6 11. Bxg6 hxg6 12. 0-0-0 Nd5 13. Bd2 Qc7 14. g3 0-0-0 15. h4 c5 16. c4 cxd4 17. Nxd4 Nb4 18. Bf4 Qb6 19. Nb5 Nc6 20. Bc7 Rxd1+ 21. Rxd1 Qc5 22. Qd3 Qe7 23. Bf4 e5 24. Be3 a6 25. Bc5 Qe6 26. Na7+ Kc7 27. Bxf8 Rxf8 28. Nxc6 Qxc6 29. Qd5 Qxd5 30. Rxd5 Re8 31. Kd2 Kc6 32. a4 f5 33. Ke3 b6 1/2-1/2

[Event "Ruhrgebiet VK3 0708"]
[Site "Germany"]
[Date "2008.03.09"]
[Round "7.6"]
[White "Landscheidt, Heinz"]
[Black "Stahlhofen, Thomas"]
[Result "0-1"]
[WhiteElo "1957"]
[BlackElo "1731"]
[PlyCount "74"]
[EventDate "2007.09.16"]
[EventType "team"]
[EventRounds "9"]
[EventCountry "GER"]
[SourceTitle "EXT 2009"]
[Source "ChessBase"]
[SourceDate "2008.11.26"]
[SourceVersion "1"]
[SourceVersionDate "2008.11.26"]
[SourceQuality "1"]
[WhiteTeam "Bergeborbeck Wacker"]
[BlackTeam "RE Sued"]
[WhiteTeamCountry "GER"]
[BlackTeamCountry "GER"]

1. c4 e6 2. d4 d5 3. Nc3 c6 4. Nf3 Nf6 5. e3 Nbd7 6. Bd3 dxc4 7. Bxc4 Bd6 8. 0-0 0-0 9. e4 e5 10. Bg5 exd4 11. Qxd4 Bc5 12. Qd2 Qe7 13. Rfe1 Ne5 14. Nxe5 Qxe5 15. Bf4 Qh5 16. e5 Ng4 17. Bg3 Be6 18. Qe2 Bxf2+ 19. Bxf2 Qxh2+ 20. Kf1 Nxf2 21. Bd3 Ng4 22. Qe4 Qh4 23. Ke2 f5 24. Qf4 Qh6 25. Qxh6 Nxh6 26. Rad1 Ng4 27. Kf3 Rae8 28. Re2 g5 29. b3 Kg7 30. Rde1 h6 31. g3 h5 32. Kg2 Re7 33. Nd1 Bd5+ 34. Kh3 Be6 35. Ne3 Nxe3 36. Rxe3 Kh6 37. Rf1 f4+ 0-1

[Event "Ruhrgebiet VK3 0708"]
[Site "Germany"]
[Date "2007.12.09"]
[Round "4.6"]
[White "Budde, Uwe"]
[Black "Landscheidt, Heinz"]
[Result "1/2-1/2"]
[WhiteElo "1861"]
[BlackElo "1941"]
[PlyCount "40"]
[EventDate "2007.09.16"]
[EventType "team"]
[EventRounds "9"]
[EventCountry "GER"]
[SourceTitle "EXT 2009"]
[Source "ChessBase"]
[SourceDate "2008.11.26"]
[SourceVersion "1"]
[SourceVersionDate "2008.11.26"]
[SourceQuality "1"]
[WhiteTeam "Boenen SV"]
[BlackTeam "Bergeborbeck Wacker"]
[WhiteTeamCountry "GER"]
[BlackTeamCountry "GER"]

1. Nf3 d5 2. d3 Nc6 3. Nbd2 e5 4. e4 Nf6 5. c3 a5 6. Be2 Bc5 7. 0-0 0-0 8. h3 Re8 9. Nh2 Be6 10. Ng4 Nxg4 11. Bxg4 Qd7 12. Bxe6 Qxe6 13. Qf3 Rad8 14. Re1 Bb6 15. Nf1 dxe4 16. dxe4 Ne7 17. Ng3 Rd7 18. Rd1 Red8 19. Rxd7 Qxd7 20. Be3 Bxe3 1/2-1/2

[Event "Duesseldorf Post op"]
[Site "Duesseldorf"]
[Date "2004.12.27"]
[Round "2"]
[White "Landscheidt, Heinz"]
[Black "Schebler, Gerhard"]
[Result "0-1"]
[WhiteElo "1972"]
[BlackElo "2496"]
[PlyCount "50"]
[EventDate "2004.12.26"]
[EventType "swiss"]
[EventRounds "7"]
[EventCountry "GER"]
[SourceTitle "EXT 2006"]
[Source "ChessBase"]
[SourceDate "2005.11.24"]
[SourceVersion "1"]
[SourceVersionDate "2005.11.24"]
[SourceQuality "1"]

1. d4 d5 2. c4 e5 3. dxe5 d4 4. Nf3 Nc6 5. g3 Bg4 6. Bg2 Qd7 7. 0-0 0-0-0 8. Qa4 Kb8 9. Qb3 Nge7 10. Bg5 Bh3 11. Rd1 Bxg2 12. Kxg2 Qe6 13. Na3 f6 14. exf6 gxf6 15. Bc1 Nf5 16. Nc2 h5 17. Qd3 Be7 18. b4 h4 19. Bf4 hxg3 20. fxg3 Bxb4 21. Rab1 Bc5 22. Rd2 b6 23. Rb5 Ne3+ 24. Kf2 Qh3 25. Nce1 Qf1# 0-1

[Event "Ruhrgebiet VK3 0405"]
[Site "Ruhrgebiet"]
[Date "2004.09.12"]
[Round "1.2"]
[White "Landscheidt, Heinz"]
[Black "Watzlawek, Markus"]
[Result "1-0"]
[WhiteElo "1991"]
[BlackElo "1921"]
[PlyCount "72"]
[EventDate "2004.09.12"]
[EventType "team"]
[EventRounds "9"]
[EventCountry "GER"]
[SourceTitle "EXT 2006"]
[Source "ChessBase"]
[SourceDate "2005.11.24"]
[SourceVersion "1"]
[SourceVersionDate "2005.11.24"]
[SourceQuality "1"]
[WhiteTeam "Wacker Bergeborbeck"]
[BlackTeam "Dortmund Hansa III"]
[WhiteTeamCountry "GER"]
[BlackTeamCountry "GER"]

1. e4 c5 2. Nf3 e6 3. c3 d5 4. exd5 Qxd5 5. d4 cxd4 6. cxd4 Nf6 7. Nc3 Qd6 8. Bc4 Nc6 9. 0-0 Be7 10. Nb5 Qd8 11. Bf4 0-0 12. Bc7 Qd7 13. Ne5 Nxe5 14. dxe5 Ne8 15. Ba5 b6 16. Bc3 g6 17. Nd4 Nc7 18. Qg4 Bb7 19. Rfd1 Nd5 20. Bd2 Rfd8 21. Bh6 Bf8 22. Bg5 Rdc8 23. Bb3 Rc5 24. Rd3 Qc7 25. f4 Rc1+ 26. Rxc1 Qxc1+ 27. Rd1 Qe3+ 28. Kh1 Qf2 29. f5 h5 30. Qg3 Qxg3 31. hxg3 exf5 32. Nxf5 Nb4 33. a3 Be4 34. Nd6 Bd3 35. axb4 Bxd6 36. exd6 Be2 1-0

[Event "Ruhrgebiet VL2 0304"]
[Site "Ruhrgebiet"]
[Date "2004.04.25"]
[Round "9.5"]
[White "Patzer, Joerg"]
[Black "Landscheidt, Heinz"]
[Result "1/2-1/2"]
[WhiteElo "1996"]
[BlackElo "1952"]
[PlyCount "37"]
[EventDate "2003.09.28"]
[EventType "team"]
[EventRounds "9"]
[EventCountry "GER"]
[SourceTitle "EXT 2007"]
[Source "ChessBase"]
[SourceDate "2006.11.23"]
[SourceVersion "1"]
[SourceVersionDate "2006.11.23"]
[SourceQuality "1"]
[WhiteTeam "Horst"]
[BlackTeam "Wacker Bergeborbeck"]
[WhiteTeamCountry "GER"]
[BlackTeamCountry "GER"]

1. f4 g6 2. e4 c5 3. Nc3 Nc6 4. Nf3 Bg7 5. Bc4 d6 6. a4 e6 7. 0-0 Nge7 8. d3 0-0 9. Kh1 d5 10. Ba2 b6 11. Qe1 Nd4 12. Qf2 Bb7 13. Re1 Nxf3 14. gxf3 Qd7 15. Bd2 dxe4 16. fxe4 Nf5 17. Rad1 Rad8 18. h3 Nd4 19. Bc1 1/2-1/2

[Event "Ruhrgebiet VK2 0001"]
[Site "Ruhrgebiet"]
[Date "2001.02.18"]
[Round "6"]
[White "Landscheidt, Heinz"]
[Black "Krause, Martin"]
[Result "1-0"]
[WhiteElo "1899"]
[BlackElo "1737"]
[PlyCount "77"]
[EventDate "2000.09.17"]
[EventType "team-tourn"]
[EventRounds "9"]
[EventCountry "GER"]
[SourceTitle "EXT 2023"]
[Source "ChessBase"]
[SourceDate "2022.10.05"]
[SourceVersion "1"]
[SourceVersionDate "2022.10.05"]
[SourceQuality "1"]
[WhiteTeam "Bergeborbeck Wacker"]
[BlackTeam "Neu Herne Zeppelin"]
[WhiteTeamCountry "GER"]
[BlackTeamCountry "GER"]

1. d4 d5 2. c4 e6 3. Nc3 Nf6 4. Bg5 Be7 5. Nf3 h6 6. Bh4 Nc6 7. e3 0-0 8. Rc1 Re8 9. Bd3 Ne4 10. Bxe7 Nxc3 11. Rxc3 Qxe7 12. cxd5 exd5 13. h3 Qf6 14. 0-0 Bf5 15. Bxf5 Qxf5 16. Qc2 Qxc2 17. Rxc2 Rac8 18. Rfc1 Re7 19. Rc5 Nb4 20. Rb5 Nc6 21. Rxb7 Rb8 22. Rxb8+ Nxb8 23. Ne5 f6 24. Nc6 Nxc6 25. Rxc6 Kf7 26. Ra6 Re6 27. Rxa7 Rc6 28. b4 Ke6 29. g4 Kd6 30. Kg2 g6 31. b5 Rb6 32. a4 c6 33. bxc6 Rxc6 34. a5 Rc7 35. Rxc7 Kxc7 36. e4 dxe4 37. d5 f5 38. gxf5 gxf5 39. Kg3 1-0

[Event "Ruhrgebiet VK2 0001"]
[Site "Ruhrgebiet"]
[Date "2000.12.10"]
[Round "4"]
[White "Schmitz, Juergen"]
[Black "Landscheidt, Heinz"]
[Result "1/2-1/2"]
[WhiteElo "1962"]
[BlackElo "1899"]
[PlyCount "66"]
[EventDate "2000.09.17"]
[EventType "team-tourn"]
[EventRounds "9"]
[EventCountry "GER"]
[SourceTitle "EXT 2023"]
[Source "ChessBase"]
[SourceDate "2022.10.05"]
[SourceVersion "1"]
[SourceVersionDate "2022.10.05"]
[SourceQuality "1"]
[WhiteTeam "Steele/Kray Rochade"]
[BlackTeam "Bergeborbeck Wacker"]
[WhiteTeamCountry "GER"]
[BlackTeamCountry "GER"]

1. e4 c5 2. Nf3 e6 3. c4 a6 4. d4 cxd4 5. Nxd4 Nf6 6. f3 Nc6 7. Nxc6 bxc6 8. Be3 Bb4+ 9. Nc3 Qa5 10. Be2 d5 11. cxd5 cxd5 12. Bd4 dxe4 13. 0-0 Bc5 14. Nxe4 Nxe4 15. fxe4 0-0 16. Bxc5 Qxc5+ 17. Kh1 Bb7 18. Bf3 Rad8 19. Qb3 Rb8 20. Rac1 Qe5 21. Rfe1 Bc8 22. Qc3 Qxc3 23. bxc3 Bb7 24. Kg1 Rfd8 25. Kf2 Kf8 26. Ke3 e5 27. g4 Bc6 28. Red1 Rxd1 29. Rxd1 Ke7 30. Rd2 g5 31. Be2 Rb1 32. Rd1 Rxd1 33. Bxd1 Kd6 1/2-1/2